Culture Générale - Série 2681 - Statistiques

Statistiques générales
  • Ce quiz a été pris 119 fois
  • Le résultat moyen est 4 sur 10
Statistiques - réponses
Question Réponse % Correct
Le Sceptre d'Ottokar est le huitième album de la série de bande dessinée des Aventures de ...... Tintin
94%
De quel groupe de rock Freddie Mercury était-il le chanteur ? Queen
90%
Quelle est la capitale d'Hawaï ? Honolulu
79%
Quel animal est appelé "flétan" ? poisson
69%
Quelle grande bataille napoléonienne a été appelée "bataille des 3 empereurs" ? Austerlitz
41%
Dans le roman Notre Dame de Paris de Victor Hugo, comment s'appelle le capitaine des archers du roi dont Esmeralada est amoureuse ? Phoebus
18%
Sous quel pseudonyme connaissait-on mieux l'acteur de cinéma Charles Dennis Buchinski (1921-2003) ? prénom et nom Charles Bronson
11%
Dans la série d'animation américaine, comment se nomme le fils de Popeye et d'Olive ? Mimosa
10%
Quel écrivain français auteur du récit de guerre "Ceux de 14" est entré au Panthéon le 11 novembre 2002 ? prénom et nom Maurice Genevoix
8%
Voilier français de type goélette destiné à la recherche scientifique et à la défense de l'environnement - originellement nommé Antarctica puis Seamaster ou En Afrique, lit, siège bas fait de branches entrecroisées Tara
6%
Aucun quiz correspondant
Distribution des résultats
% des personnes avec chaque résultat
Percentile par nombre de réponses
Votre historique - résultats
Vous n’avez pas pris ce quiz